Howler Monkey / (Record no. 203022)
[ view plain ]
| 000 -LEADER | |
|---|---|
| fixed length control field | 01509nam a2200337 ia4500 |
| 003 - CONTROL NUMBER IDENTIFIER | |
| control field | OSt |
| 005 - DATE AND TIME OF LATEST TRANSACTION | |
| control field | 20260210145816.0 |
| 008 - FIXED-LENGTH DATA ELEMENTS--GENERAL INFORMATION | |
| fixed length control field | 260210t20252025nyuao br 001 0 eng |
| 020 ## - INTERNATIONAL STANDARD BOOK NUMBER | |
| International Standard Book Number | 9798874504885 |
| Terms of availability | RM 137.50 |
| Qualifying information | hardback |
| 040 ## - CATALOGING SOURCE | |
| Original cataloging agency | PPAK |
| Language of cataloging | eng |
| Transcribing agency | PPAK |
| Description conventions | rda |
| 082 00 - DEWEY DECIMAL CLASSIFICATION NUMBER | |
| Edition number | 23 |
| Classification number | 599.855 |
| 090 04 - LOCALLY ASSIGNED LC-TYPE CALL NUMBER (OCLC); LOCAL CALL NUMBER (RLIN) | |
| Classification number (OCLC) (R) ; Classification number, CALL (RLIN) (NR) | 599.855 |
| Feature heading | WAT |
| Feature heading | K |
| 100 1# - MAIN ENTRY--PERSONAL NAME | |
| Personal name | Watt, Melanie E., |
| Dates associated with a name | 1962- |
| Relator term | author. |
| 245 10 - TITLE STATEMENT | |
| Title | Howler Monkey / |
| Statement of responsibility, etc. | E. Melanie Watt |
| 264 #1 - PRODUCTION, PUBLICATION, DISTRIBUTION, MANUFACTURE, AND COPYRIGHT NOTICE | |
| Place of production, publication, distribution, manufacture | New York, NY : |
| Name of producer, publisher, distributor, manufacturer | Lightbox Learning Inc., |
| Date of production, publication, distribution, manufacture, or copyright notice | [2025] |
| Date of production, publication, distribution, manufacture, or copyright notice | ©2025 |
| 300 ## - PHYSICAL DESCRIPTION | |
| Extent | 24 pages : |
| Other physical details | colour photographs ; |
| Dimensions | 26 cm |
| 336 ## - CONTENT TYPE | |
| Content type term | text |
| Source | rdacontent |
| Content type term | still image |
| Source | rdacontent |
| 337 ## - MEDIA TYPE | |
| Media type term | unmediated |
| Source | rdamedia |
| 338 ## - CARRIER TYPE | |
| Carrier type term | volume |
| Source | rdacarrier |
| 490 1# - SERIES STATEMENT | |
| Series statement | Animals OF THE Rainforest |
| 500 ## - GENERAL NOTE | |
| General note | "AV2." CODE ON PAGE 2 --Cover |
| General note | Includes Holer Monkey Quiz |
| General note | Includes index |
| 505 0# - FORMATTED CONTENTS NOTE | |
| Formatted contents note | Meet the Howler Monkey -- A New World Monkey -- Social Monkeys -- Growing Up -- A Closer Look -- Lazy Days -- Staying Safe -- Finding Food -- Howler Monkey Conservation --<br/>Howler Monkey Quiz -- Key Words/Index |
| 520 ## - SUMMARY, ETC. | |
| Summary, etc. | "Each book in the Animals of the Rainforest series explores a species of animal found in tropical forests. Titles in this series examine the animal's habitat, adaptations, diet, and threats using exciting images and informative visual features"-- |
| Assigning source | Provided by publisher. |
| 650 10 - SUBJECT ADDED ENTRY--TOPICAL TERM | |
| Topical term or geographic name entry element | Howler monkeys |
| Form subdivision | Juvenile literature |
| 830 #0 - SERIES ADDED ENTRY--UNIFORM TITLE | |
| Uniform title | Animals of the rainforest |
| 942 ## - ADDED ENTRY ELEMENTS (KOHA) | |
| Source of classification or shelving scheme | Dewey Decimal Classification |
| Koha item type | Book |
| Withdrawn | Not for loan | Current library | Shelving location | Date acquired | Total Checkouts | Full call number | Barcode | Date last seen | Koha item type |
|---|---|---|---|---|---|---|---|---|---|
| Perpustakaan Alor Setar | Pinjaman Kanak-kanak | 11/02/2026 | K 599.855 WAT | A01898157 | 11/02/2026 | Book | |||
| Perpustakaan Awam Sungai Petani | Pinjaman Kanak-kanak | 11/02/2026 | K 599.855 WAT | A01898158 | 11/02/2026 | Book | |||
| Perpustakaan Kulim | Pinjaman Kanak-kanak | 11/02/2026 | K 599.855 WAT | A01898159 | 11/02/2026 | Book |